000 00481nam a2200181Ia 4500
005 20250508150650.0
008 008 250505s9999 xx 000 0 eng d
037 _aTextual
040 _aFEDL
_beng
_cFEDL
041 _aeng
_2eng
084 _a375, RIC
_qFEDL
100 _aRichmond Kenneth
_9757321
245 0 _aCurriculum
260 _aLondon, UK
_bConstable and Company Ltd.
_c1919
300 _a144p.
942 _cTEXL
_h375, RIC
999 _c1324915
_d1324915